[Event "FAI-chT 1920"]
[Site "Faroe Islands"]
[Date "2020.02.23"]
[Round "8.3"]
[White "Thorsteinsson, Sjurdur"]
[Black "Thomsen, Bernhard"]
[Result "1-0"]
[WhiteElo "2131"]
[BlackElo "2012"]
[PlyCount "77"]
[EventDate "2019.10.13"]
[EventType "team-tourn"]
[EventRounds "10"]
[EventCountry "FAI"]
[SourceTitle "CBM 195 Extra"]
[Source "ChessBase"]
[SourceDate "2020.05.31"]
[SourceVersion "1"]
[SourceVersionDate "2020.05.31"]
[SourceQuality "1"]
[WhiteTeam "Havnin"]
[BlackTeam "Kollafjordur"]
[WhiteTeamCountry "FAI"]
[BlackTeamCountry "FAI"]

1. d4 Nf6 2. c4 e6 3. Nc3 Bb4 4. Qc2 Nc6 5. Nf3 b6 6. a3 Bxc3+ 7. Qxc3 Bb7 8. Bg5 d6 9. Nd2 Qe7 10. e3 0-0 11. Be2 Rfe8 12. 0-0 Nb8 13. Qc2 Nbd7 14. e4 e5 15. d5 h6 16. Be3 Nf8 17. b4 Ng6 18. g3 Qd7 19. f3 Rec8 20. Rfc1 h5 21. Qd1 h4 22. Bf1 hxg3 23. hxg3 Ba6 24. a4 Rf8 25. a5 Nh7 26. Ra2 f5 27. Bh3 Ne7 28. axb6 axb6 29. Rca1 Bb7 30. Rxa8 Rxa8 31. Rxa8+ Bxa8 32. Qa1 Bb7 33. Qa7 Bc8 34. exf5 Nf6 35. b5 Qd8 36. g4 g6 37. fxg6 Nxg6 38. Bg5 Nf4 39. Bf1 1-0

[Event "FAI-chT 1920"]
[Site "Faroe Islands"]
[Date "2020.01.11"]
[Round "6.3"]
[White "Thorsteinsson, Sjurdur"]
[Black "Berg, Margar"]
[Result "0-1"]
[WhiteElo "2131"]
[BlackElo "1859"]
[PlyCount "66"]
[EventDate "2019.10.13"]
[EventType "team-tourn"]
[EventRounds "10"]
[EventCountry "FAI"]
[SourceTitle "CBM 195 Extra"]
[Source "ChessBase"]
[SourceDate "2020.05.31"]
[SourceVersion "1"]
[SourceVersionDate "2020.05.31"]
[SourceQuality "1"]
[WhiteTeam "Havnin"]
[BlackTeam "Havnin II"]
[WhiteTeamCountry "FAI"]
[BlackTeamCountry "FAI"]

1. c4 Nf6 2. Nc3 e6 3. d4 Be7 4. e4 d6 5. Nf3 0-0 6. Bd3 Nc6 7. 0-0 e5 8. d5 Nb8 9. h3 Nbd7 10. Be3 b6 11. b4 Nh5 12. Ne2 Kh8 13. g4 Nhf6 14. Ng3 Rg8 15. Nf5 Nf8 16. Nd2 Ne8 17. Nxe7 Qxe7 18. Qf3 g5 19. c5 Ng6 20. cxd6 cxd6 21. Bb5 Nf4 22. Kh2 Nf6 23. Rg1 h5 24. Qd1 hxg4 25. hxg4 Qf8 26. Bxf4 Bxg4 27. f3 Qh6+ 28. Kg2 gxf4 29. Kf2 Qh2+ 30. Rg2 Qh4+ 31. Ke2 Bxf3+ 32. Kxf3 Qh3+ 33. Ke2 Rxg2+ 0-1

[Event "FAI-chT 1920"]
[Site "Faroe Islands"]
[Date "2019.10.27"]
[Round "2.2"]
[White "Jacobsen, John"]
[Black "Thorsteinsson, Sjurdur"]
[Result "0-1"]
[WhiteElo "1858"]
[BlackElo "2131"]
[PlyCount "34"]
[EventDate "2019.10.13"]
[EventType "team-tourn"]
[EventRounds "10"]
[EventCountry "FAI"]
[SourceTitle "CBM 195 Extra"]
[Source "ChessBase"]
[SourceDate "2020.05.31"]
[SourceVersion "1"]
[SourceVersionDate "2020.05.31"]
[SourceQuality "1"]
[WhiteTeam "Vestmanna"]
[BlackTeam "Havnin"]
[WhiteTeamCountry "FAI"]
[BlackTeamCountry "FAI"]

1. Nf3 Nf6 2. g3 g6 3. Bg2 Bg7 4. 0-0 0-0 5. c4 d6 6. d4 Nbd7 7. Nc3 e5 8. dxe5 dxe5 9. Bg5 h6 10. Be3 Re8 11. Qc1 Ng4 12. Rd1 Nxe3 13. Qxe3 c6 14. Bh3 Qe7 15. Rac1 f5 16. Nh4 Nf8 17. Na4 f4 0-1

[Event "FAI-ch"]
[Site "Torshavn"]
[Date "2019.04.19"]
[Round "7"]
[White "Thorsteinsson, Sjurdur"]
[Black "Miezis, Normunds"]
[Result "0-1"]
[WhiteElo "2228"]
[BlackElo "2468"]
[PlyCount "58"]
[EventDate "2019.04.13"]
[EventType "tourn"]
[EventRounds "7"]
[EventCountry "FAI"]
[EventCategory "3"]
[SourceTitle "CBM 189 Extra"]
[Source "ChessBase"]
[SourceDate "2019.06.03"]
[SourceVersion "1"]
[SourceVersionDate "2019.06.03"]
[SourceQuality "1"]

1. d4 Nf6 2. c4 e6 3. Nc3 Bb4 4. Qc2 c5 5. dxc5 Nc6 6. Nf3 Bxc5 7. Bf4 e5 8. Bg3 Nd4 9. Nxd4 exd4 10. Ne4 Bb4+ 11. Nd2 Qa5 12. a3 d5 13. Rc1 Be7 14. Qd3 dxc4 15. Rxc4 Be6 16. Rc1 0-0 17. e4 dxe3 18. fxe3 Rac8 19. Rxc8 Rxc8 20. b4 Rc1+ 21. Kf2 Ng4+ 22. Kg1 Qd5 23. Qxd5 Bxd5 24. Bf4 g5 25. Bb8 a5 26. h3 Nxe3 27. bxa5 Nxf1 28. Nxf1 Bc5+ 29. Kh2 Rc2 0-1

[Event "FAI-ch"]
[Site "Torshavn"]
[Date "2019.04.15"]
[Round "3"]
[White "Dragicevic, Drazen"]
[Black "Thorsteinsson, Sjurdur"]
[Result "1-0"]
[WhiteElo "2334"]
[BlackElo "2228"]
[PlyCount "95"]
[EventDate "2019.04.13"]
[EventType "tourn"]
[EventRounds "7"]
[EventCountry "FAI"]
[EventCategory "3"]
[SourceTitle "CBM 189 Extra"]
[Source "ChessBase"]
[SourceDate "2019.06.03"]
[SourceVersion "1"]
[SourceVersionDate "2019.06.03"]
[SourceQuality "1"]

1. d4 Nf6 2. Nc3 d5 3. Bf4 c6 4. Nf3 h6 5. Qd3 Nbd7 6. 0-0-0 e6 7. Rg1 b5 8. Ne5 Nxe5 9. dxe5 Nd7 10. e4 Nc5 11. Qf3 Bd7 12. exd5 exd5 13. g4 Ne6 14. Be3 Be7 15. Ne2 Qc7 16. Qg3 f6 17. exf6 Qxg3 18. Nxg3 Bxf6 19. Nh5 Be7 20. f4 g6 21. Ng3 Bc5 22. Re1 Bxe3+ 23. Rxe3 0-0 24. f5 Nf4 25. Rf3 g5 26. h4 a5 27. hxg5 hxg5 28. Rh1 Rf7 29. Nh5 Nxh5 30. Rxh5 Rh7 31. Rxg5+ Kf7 32. f6 Rg8 33. Rxg8 Kxg8 34. g5 Rh1 35. g6 Rg1 36. g7 Kf7 37. Kd2 Bg4 38. Rf2 Bh5 39. Be2 Bxe2 40. Kxe2 Rg3 41. Rf3 Rg4 42. Rf5 a4 43. Kf3 Rg1 44. Kf4 Rf1+ 45. Ke5 Rg1 46. Rh5 Re1+ 47. Kd4 Rg1 48. Rh8 1-0

[Event "FAI-ch"]
[Site "Torshavn"]
[Date "2019.04.13"]
[Round "1"]
[White "Hoi, Carsten"]
[Black "Thorsteinsson, Sjurdur"]
[Result "1-0"]
[WhiteElo "2354"]
[BlackElo "2228"]
[PlyCount "107"]
[EventDate "2019.04.13"]
[EventType "tourn"]
[EventRounds "7"]
[EventCountry "FAI"]
[EventCategory "3"]
[SourceTitle "CBM 189 Extra"]
[Source "ChessBase"]
[SourceDate "2019.06.03"]
[SourceVersion "1"]
[SourceVersionDate "2019.06.03"]
[SourceQuality "1"]

1. d4 Nf6 2. c4 g6 3. Nc3 Bg7 4. e4 d6 5. Nf3 0-0 6. h3 e5 7. d5 Nh5 8. Nh2 Na6 9. g3 Nc5 10. Be3 a5 11. h4 Bd7 12. Be2 Nf6 13. Qc2 Ne8 14. h5 f5 15. hxg6 hxg6 16. Nf3 b6 17. 0-0-0 Qf6 18. Ng5 Qe7 19. exf5 Bxf5 20. Nge4 Nf6 21. Bd3 Nxd3+ 22. Qxd3 Nxe4 23. Nxe4 Kf7 24. g4 Bxe4 25. Qxe4 Rh8 26. Kc2 Rxh1 27. Rxh1 Rh8 28. Kd3 Rxh1 29. Qxh1 Qd7 30. Qf3+ Kg8 31. b3 Qe7 32. Qe4 Kf7 33. Qf3+ Kg8 34. Qh1 Bf6 35. Qh6 Qf7 36. Ke4 Bg7 37. Qh4 Bf6 38. g5 Bg7 39. Qh3 Bf8 40. Qe6 Be7 41. a3 Kf8 42. Qc8+ Kg7 43. f4 Bf8 44. Qe6 exf4 45. Bd4+ Kg8 46. Bf6 Bg7 47. Kxf4 Bxf6 48. gxf6 Kf8 49. Qc8+ Qe8 50. Qxe8+ Kxe8 51. Kg5 a4 52. bxa4 Kf7 53. a5 bxa5 54. a4 1-0

[Event "FAI-ch"]
[Site "Torshavn"]
[Date "2018.03.30"]
[Round "7"]
[White "Thorsteinsson, Sjurdur"]
[Black "Nielsen, Rogvi Egilstoft"]
[Result "1/2-1/2"]
[WhiteElo "2191"]
[BlackElo "2333"]
[PlyCount "41"]
[EventDate "2018.03.24"]
[EventType "tourn"]
[EventRounds "7"]
[EventCountry "FAI"]
[SourceTitle "CBM 183 Extra"]
[Source "ChessBase"]
[SourceDate "2018.04.19"]
[SourceVersion "1"]
[SourceVersionDate "2018.04.19"]
[SourceQuality "1"]

1. d4 d5 2. c4 c6 3. cxd5 cxd5 4. Bf4 Nc6 5. e3 Bf5 6. Nc3 e6 7. Qb3 Qd7 8. Nf3 f6 9. h3 g5 10. Bg3 h5 11. h4 g4 12. Nd2 Bg6 13. Rc1 Nh6 14. Na4 Nf5 15. Nc5 Bxc5 16. Rxc5 Rc8 17. Bd3 Kf7 18. Bxf5 Bxf5 19. 0-0 b6 20. Rcc1 Na5 21. Qa3 1/2-1/2

[Event "FAI-chT 1718"]
[Site "Faroe Islands"]
[Date "2018.01.07"]
[Round "3.1"]
[White "Joensen, Jakup F"]
[Black "Thorsteinsson, Sjurdur"]
[Result "0-1"]
[WhiteElo "1662"]
[BlackElo "2187"]
[PlyCount "106"]
[EventDate "2017.10.22"]
[EventType "team-tourn"]
[EventRounds "10"]
[EventCountry "FAI"]
[SourceTitle "EXT 2019"]
[Source "ChessBase"]
[SourceDate "2018.10.10"]
[SourceVersion "1"]
[SourceVersionDate "2018.10.10"]
[SourceQuality "1"]
[WhiteTeam "Gota"]
[BlackTeam "Havnin"]
[WhiteTeamCountry "FAI"]
[BlackTeamCountry "FAI"]

1. e4 c5 2. Nf3 d6 3. d4 cxd4 4. Nxd4 Nf6 5. Nc3 a6 6. h3 e6 7. g4 Be7 8. Be3 Nc6 9. Qd2 Nd7 10. 0-0-0 0-0 11. f4 Nxd4 12. Bxd4 b5 13. Bg2 Bb7 14. e5 d5 15. g5 b4 16. Ne2 Qc7 17. Kb1 Rfc8 18. h4 a5 19. h5 Nf8 20. Rc1 Qd7 21. Bh3 Ba6 22. Rhg1 g6 23. Ng3 Rc6 24. hxg6 fxg6 25. Nh1 a4 26. Nf2 Qb7 27. Ng4 Bc5 28. Nf6+ Kh8 29. Bxc5 Rxc5 30. Rh1 Rac8 31. Bxe6 Rd8 32. Bg4 d4 33. Be2 a3 34. Bxa6 Qxa6 35. Qxb4 Rc7 36. Qxa3 Qc6 37. Qd3 Rb7 38. b3 Qc5 39. Kb2 Ra7 40. a4 Rb8 41. Ra1 Rb4 42. Qf3 Ne6 43. Qd5 Qc8 44. a5 Nxf4 45. Qd6 Qc3+ 46. Kb1 Rxb3+ 47. cxb3 Qxb3+ 48. Kc1 Qc3+ 49. Kd1 Qxa1+ 50. Kd2 Qxa5+ 51. Kd1 Qa1+ 52. Kd2 Qc3+ 53. Kd1 Ra1# 0-1

[Event "Runavik op"]
[Site "Runavik"]
[Date "2017.11.22"]
[Round "3"]
[White "Hamitevici, Vladimir"]
[Black "Thorsteinsson, Sjurdur"]
[Result "1-0"]
[WhiteElo "2519"]
[BlackElo "2190"]
[PlyCount "105"]
[EventDate "2017.11.20"]
[EventType "swiss"]
[EventRounds "9"]
[EventCountry "FAI"]
[SourceTitle "CBM 181 Extra"]
[Source "ChessBase"]
[SourceDate "2017.12.12"]
[SourceVersion "1"]
[SourceVersionDate "2017.12.12"]
[SourceQuality "1"]

1. d4 Nf6 2. Nf3 g6 3. Nbd2 d5 4. e3 Bg7 5. b4 0-0 6. c4 c6 7. Bb2 Nbd7 8. Be2 a6 9. a4 Re8 10. Qb3 Nf8 11. 0-0 Bf5 12. Rfc1 Ne4 13. Nf1 Be6 14. c5 Qc7 15. Ne5 f6 16. Nd3 Ng5 17. b5 axb5 18. axb5 Rec8 19. Nb4 h5 20. h4 Nf7 21. Ra4 Rxa4 22. Qxa4 Bd7 23. Nd2 e5 24. Qa7 Ne6 25. Nb3 exd4 26. exd4 Nf4 27. Bf1 cxb5 28. g3 Nh6 29. c6 bxc6 30. Qxc7 Rxc7 31. gxf4 Nf5 32. Bg2 Ne7 33. Nxd5 Nxd5 34. Bxd5+ Kh7 35. f5 Bxf5 36. Rxc6 Re7 37. Bc3 g5 38. Bb4 Re2 39. Rc7 Kh6 40. Bd2 Bf8 41. hxg5+ fxg5 42. Rf7 Bc2 43. Rxf8 Bxb3 44. Rh8+ Kg7 45. Rg8+ Kh7 46. Bxb3 Rxd2 47. Rxg5 Kh6 48. Rxb5 Rxd4 49. Kg2 Rf4 50. Bd5 Rf5 51. Bc6 Rf4 52. f3 h4 53. Be4 1-0

[Event "Faroes op"]
[Site "Kollafjord"]
[Date "2017.07.16"]
[Round "6"]
[White "Thorsteinsson, Sjurdur"]
[Black "Nielsen, Hogni Egilstoft"]
[Result "0-1"]
[WhiteElo "2191"]
[BlackElo "2323"]
[PlyCount "68"]
[EventDate "2017.07.12"]
[EventType "swiss"]
[EventRounds "9"]
[EventCountry "FAI"]
[SourceTitle "EXT 2018"]
[Source "ChessBase"]
[SourceDate "2017.10.13"]
[SourceVersion "1"]
[SourceVersionDate "2017.10.13"]
[SourceQuality "1"]

1. d4 Nf6 2. c4 e6 3. Nc3 Bb4 4. Qc2 c5 5. dxc5 Na6 6. a3 Bxc3+ 7. Qxc3 Nxc5 8. f3 a5 9. e4 0-0 10. Be3 Qc7 11. Ne2 b6 12. Rc1 a4 13. Nf4 Ba6 14. Be2 Rfc8 15. 0-0 Nb3 16. Rc2 d5 17. exd5 exd5 18. Nh3 Bxc4 19. Bxc4 dxc4 20. Rd1 Qc6 21. Nf4 Re8 22. Bf2 b5 23. h4 h6 24. g4 Rad8 25. Rxd8 Rxd8 26. Re2 Qd6 27. Qe5 Qxe5 28. Rxe5 b4 29. axb4 c3 30. bxc3 a3 31. Re2 Rd2 32. Rxd2 Nxd2 33. c4 a2 34. Bd4 Nxf3+ 0-1

[Event "Faroes op"]
[Site "Kollafjord"]
[Date "2017.07.15"]
[Round "5"]
[White "Thorsteinsson, Sjurdur"]
[Black "Apol, Luitjen Akselsson"]
[Result "1-0"]
[WhiteElo "2191"]
[BlackElo "1579"]
[PlyCount "137"]
[EventDate "2017.07.12"]
[EventType "swiss"]
[EventRounds "9"]
[EventCountry "FAI"]
[SourceTitle "EXT 2018"]
[Source "ChessBase"]
[SourceDate "2017.10.13"]
[SourceVersion "1"]
[SourceVersionDate "2017.10.13"]
[SourceQuality "1"]

1. e4 c5 2. Nf3 d6 3. d4 cxd4 4. Nxd4 Nf6 5. f3 a6 6. c4 e6 7. Nc3 Be7 8. Be3 Nc6 9. Nc2 Bd7 10. Qd2 Rc8 11. Qf2 0-0 12. Bb6 Qe8 13. 0-0-0 Ne5 14. b3 Bc6 15. Kb2 Ned7 16. Bd4 Qd8 17. Qd2 a5 18. a4 Nc5 19. Na3 Ne8 20. Qf2 Qb6 21. Nab5 Bxb5 22. cxb5 Qc7 23. Qd2 Nf6 24. g4 Rfd8 25. h4 Ne8 26. g5 Bf8 27. h5 Rd7 28. Nb1 d5 29. e5 b6 30. Rc1 Qb7 31. Bh3 Nc7 32. Nc3 Re8 33. Qe3 Qb8 34. Ka2 Qd8 35. Ne2 Kh8 36. Rhd1 Na8 37. Bb2 Nb7 38. Nd4 Bc5 39. Qd2 Bxd4 40. Bxd4 Rc7 41. Bf1 Nc5 42. Be2 Qe7 43. Rg1 Rec8 44. Bd1 Nd7 45. Rxc7 Rxc7 46. Bc2 Nf8 47. Bb1 Kg8 48. Bb2 Qc5 49. Rc1 Qe7 50. Ba3 Qd8 51. Bd6 Rc8 52. Rg1 Nc7 53. Qd3 g6 54. Qd4 Ne8 55. Ba3 Ng7 56. h6 Nf5 57. Bxf5 gxf5 58. Kb1 Ng6 59. f4 Kh8 60. Bd6 Kg8 61. Rf1 Kh8 62. Rf2 Kg8 63. Rc2 Rxc2 64. Kxc2 Qc8+ 65. Kd1 Qb7 66. Qd2 Qc8 67. Qe3 Qb7 68. Qc1 d4 69. Qc6 1-0

[Event "Faroes op"]
[Site "Kollafjord"]
[Date "2017.07.13"]
[Round "3"]
[White "Thorsteinsson, Sjurdur"]
[Black "Rodgaard, John"]
[Result "0-1"]
[WhiteElo "2191"]
[BlackElo "2329"]
[PlyCount "68"]
[EventDate "2017.07.12"]
[EventType "swiss"]
[EventRounds "9"]
[EventCountry "FAI"]
[SourceTitle "EXT 2018"]
[Source "ChessBase"]
[SourceDate "2017.10.13"]
[SourceVersion "1"]
[SourceVersionDate "2017.10.13"]
[SourceQuality "1"]

1. c4 e6 2. d4 d5 3. Nc3 c6 4. Nf3 Nf6 5. Bg5 h6 6. Bh4 dxc4 7. e4 g5 8. Bg3 b5 9. e5 Nd5 10. Be2 Bb4 11. Qd2 Qa5 12. Rc1 Nd7 13. Kf1 Bb7 14. h4 g4 15. Ne1 h5 16. f3 N7b6 17. fxg4 hxg4 18. Bf4 Na4 19. a3 Bxc3 20. bxc3 Naxc3 21. Bxg4 Qxa3 22. Rh3 b4 23. Bg5 Qa6 24. Bf3 Na2 25. Ra1 c3+ 26. Qe2 b3 27. Nd3 b2 28. Rb1 Nab4 29. Be4 Nxd3 30. Bxd3 Qa2 31. Kg1 Ba6 32. Rf1 Bxd3 33. Qxd3 Rb8 34. Qc2 b1Q 0-1

[Event "Llucmajor op 6th"]
[Site "Llucmajor"]
[Date "2017.05.14"]
[Round "2"]
[White "Thorsteinsson, Sjurdur"]
[Black "Movsziszian, Karen"]
[Result "1/2-1/2"]
[WhiteElo "2197"]
[BlackElo "2500"]
[PlyCount "196"]
[EventDate "2017.05.14"]
[EventType "swiss"]
[EventRounds "9"]
[EventCountry "ESP"]
[SourceTitle "CBM 178 Extra"]
[Source "ChessBase"]
[SourceDate "2017.06.22"]
[SourceVersion "1"]
[SourceVersionDate "2017.06.22"]
[SourceQuality "1"]

1. e4 g6 2. d4 Bg7 3. c4 d6 4. Nc3 Nf6 5. f3 0-0 6. Be3 Nc6 7. Nge2 a6 8. Qd2 Rb8 9. Rc1 e6 10. g3 Nd7 11. Bg2 f5 12. 0-0 Nf6 13. h3 e5 14. d5 Ne7 15. c5 Nh5 16. cxd6 cxd6 17. g4 Nf6 18. Rc2 Bd7 19. Rfc1 f4 20. Bf2 g5 21. Nd1 h5 22. Qb4 hxg4 23. hxg4 Nc8 24. Bh3 Ne8 25. b3 Rf7 26. Nb2 a5 27. Qd2 b5 28. a3 Bf8 29. Kg2 Rh7 30. Rh1 Ne7 31. Kf1 Ng6 32. Be1 a4 33. Nd3 axb3 34. Rc3 Qf6 35. Nb4 Qh8 36. Ng1 Nf6 37. Rxb3 Nh4 38. Qd3 Ra8 39. Bf2 Ra4 40. Ne2 Ng6 41. Ng1 Be8 42. Rc3 Rb7 43. Bg2 Qg7 44. Ne2 Ne7 45. Qc2 Bd7 46. Nc1 Qg6 47. Kg1 Qe8 48. Ncd3 Nc8 49. Bf1 Ra8 50. Nc6 Nb6 51. Ndb4 Na4 52. Rb3 Nc5 53. Rc3 Na4 54. Rb3 Qg6 55. Bd3 Qe8 56. Qe2 Nc5 57. Rc3 Nxd3 58. Qxd3 Qg6 59. Qe2 Be8 60. Be1 Nd7 61. Qh2 Nb6 62. Qa2 Bd7 63. Bf2 Nc4 64. Nd3 Qe8 65. Ncb4 Be7 66. Nb2 Nb6 67. Kg2 Kg7 68. Qb3 Na4 69. Nxa4 bxa4 70. Qc2 Bd8 71. Nc6 Bf6 72. Rb1 Rc7 73. Bb6 Rcc8 74. Rc1 Qg6 75. Rh1 Rh8 76. Rxh8 Rxh8 77. Bf2 Qh7 78. Kf1 Qh3+ 79. Ke2 Qg2 80. Kd1 Rh2 81. Be1 Qg1 82. Qd3 Rb2 83. Rc1 Bxg4 84. Nb4 Qg2 85. Rc7+ Kg6 86. fxg4 f3 87. Qb5 Rb1+ 88. Rc1 Rxc1+ 89. Kxc1 f2 90. Qe8+ Kg7 91. Qd7+ Kh6 92. Bxf2 Qf1+ 93. Kb2 Qxf2+ 94. Nc2 Qb6+ 95. Ka1 Qc5 96. Kb2 Qb6+ 97. Ka1 Qc5 98. Kb2 Qb6+ 1/2-1/2

[Event "FAI-chT 1617"]
[Site "Faroe Islands"]
[Date "2017.02.12"]
[Round "7.4"]
[White "Thorsteinsson, Sjurdur"]
[Black "Dragaberg, Rogvi"]
[Result "1-0"]
[WhiteElo "2196"]
[BlackElo "1868"]
[PlyCount "67"]
[EventDate "2016.10.23"]
[EventType "team-tourn"]
[EventRounds "10"]
[EventCountry "FAI"]
[SourceTitle "EXT 2020"]
[Source "ChessBase"]
[SourceDate "2019.10.17"]
[SourceVersion "1"]
[SourceVersionDate "2019.10.17"]
[SourceQuality "1"]
[WhiteTeam "Havnin"]
[BlackTeam "Klaksvik"]
[WhiteTeamCountry "FAI"]
[BlackTeamCountry "FAI"]

1. e4 g6 2. d4 Bg7 3. c4 d6 4. Nc3 Nf6 5. f3 0-0 6. Be3 Nbd7 7. Qd2 e5 8. Nge2 c6 9. d5 Qc7 10. g4 a5 11. Ng3 Nc5 12. Rd1 cxd5 13. cxd5 Bd7 14. Rc1 Qb8 15. Bb5 Qe8 16. Qe2 Bxb5 17. Nxb5 Qd7 18. Nxd6 Na6 19. Nc4 Rac8 20. 0-0 Qe7 21. Nxa5 h5 22. gxh5 Nxh5 23. Nxh5 gxh5 24. Qb5 Rb8 25. Kh1 f5 26. Rg1 fxe4 27. Bh6 Rf7 28. Bxg7 Rxg7 29. Rxg7+ Kxg7 30. fxe4 Qf7 31. Rf1 Qe7 32. Qb6 Rf8 33. Rg1+ Kh7 34. Qg6+ 1-0

[Event "Olympiad-42"]
[Site "Baku"]
[Date "2016.09.13"]
[Round "11.3"]
[White "Thorsteinsson, Sjurdur"]
[Black "Hillarp Persson, Tiger"]
[Result "0-1"]
[WhiteElo "2187"]
[BlackElo "2523"]
[PlyCount "136"]
[EventDate "2016.09.02"]
[EventType "team-swiss"]
[EventRounds "11"]
[EventCountry "AZE"]
[SourceTitle "CBM 175"]
[Source "ChessBase"]
[SourceDate "2016.11.10"]
[SourceVersion "1"]
[SourceVersionDate "2016.11.10"]
[SourceQuality "1"]
[WhiteTeam "Faroe Islands"]
[BlackTeam "Sweden"]
[WhiteTeamCountry "FAI"]
[BlackTeamCountry "SWE"]

1. e4 c5 2. Nf3 e6 3. d4 cxd4 4. Nxd4 a6 5. Nc3 Qc7 6. Bd3 Bd6 7. Qg4 h5 8. Qh4 Ne7 9. Nce2 Ng6 10. Qg5 Nc6 11. Nxc6 dxc6 12. Qe3 e5 13. Bd2 Be6 14. b3 h4 15. h3 a5 16. 0-0 Qe7 17. Qf3 Bb4 18. c3 Bc5 19. Rfd1 Nf8 20. Bc2 Nd7 21. Rab1 Qf6 22. Qxf6 Nxf6 23. Kf1 Nd7 24. a4 f6 25. Nc1 0-0-0 26. Ke2 Kc7 27. b4 Be7 28. Bb3 Bxb3 29. Nxb3 Nb6 30. Nxa5 Nxa4 31. Nc4 b5 32. Ne3 g6 33. Be1 Rxd1 34. Rxd1 Rf8 35. Rc1 Nb6 36. Ra1 Kb7 37. f3 f5 38. exf5 gxf5 39. Bf2 Bg5 40. Nd1 Rd8 41. Be3 Bf6 42. Ra2 e4 43. fxe4 fxe4 44. Rc2 Nd5 45. Bd2 Rg8 46. Kf1 Re8 47. Ne3 Rf8 48. Nxd5 cxd5 49. Ke1 Rc8 50. Kd1 Rc6 51. Be1 Kc7 52. Kd2 Kd7 53. Bf2 Ke6 54. Bc5 Ra6 55. Kc1 Ra1+ 56. Kd2 Kf5 57. Ke3 Rd1 58. Rf2+ Ke6 59. Kf4 Bxc3 60. Ra2 Ra1 61. Re2 Ra8 62. g4 hxg3 63. Kxg3 Be5+ 64. Kf2 Rh8 65. Re3 Kf5 66. Ra3 d4 67. Ra5 e3+ 68. Ke2 Ke4 0-1